| 000 | 00684nam a2200217 a 4500 | ||
|---|---|---|---|
| 999 |
_c2830 _d2830 |
||
| 001 | 2830 | ||
| 003 | BD-JhCC | ||
| 005 | 20171107104712.0 | ||
| 008 | 171107s bg a|||| |||| 000 0 ben d | ||
| 035 | _a(BD-JhCC) 2830 | ||
| 040 |
_aBD-JhCC _dBD-JhCC |
||
| 041 | _aben | ||
| 082 |
_a891.4435 _bMIA |
||
| 100 | _aমিয়া, বন্দে আলী | ||
| 245 |
_aরাজকন্যা কাঞ্চনমালা / _c বন্দে আলী মিয়া |
||
| 260 |
_aঢাকা : _bদি তাজ পাবলিশিং হাউজ, |
||
| 300 |
_a৮৪ পৃ. : _c২০ সেমি. |
||
| 650 | _aShort stories | ||
| 942 |
_2ddc _cBK |
||